000 00302nam a22001217a 4500
008 181019b xxu||||| |||| 00| 0 eng d
041 _aeng
080 _a316
100 _a50
101 _aSOC
245 _aProgramed Therapy For Stuttering In Children And Adults
_cBruce.P.R
942 _2udc
_cBK
999 _c50242
_d50242